Statistics for Tricky Trivia 6

Click here to take the quiz!

General Stats

  • This quiz has been taken 8 times
  • The average score is 8 of 20

Answer Stats

QuestionAnswer% Correct
Who was born Iosif Vissarionovich Dzhugashvili?Joseph Stalin
75%
On what river was Charon the boatman?River Styx
75%
Name the longstanding Zimbabwean president who was forced to resign in late 2017?Robert Mugabe
63%
What is believed to have been formed by the "giant impact" hypothesis?The moon
63%
The total amount of what substance ever mined is believed to fit in a 20' (6.3m) cube?Platinum
50%
The WW2 myth that carrots improve night vision was created to conceal which newly invented device?Radar
50%
What geographical feature is pronounced "beaut"?Butte
38%
What is the main ingredient in the Filipino dish "Dinuguan"?Cow or pig blood
38%
What phenomenon causes sound of an approaching car to be higher pitched than when moving away?Doppler effect
38%
Where would you find cytoplasm?In a cell
38%
What insect is usually considered to be Kosher?Locust
38%
What is the correct name for the spiked helmet previously worn by the German military?Pickelhaube
38%
What is a cave dweller known as?Troglodyte
38%
And what is the substance believed to be secreted by mediums, ghosts and spirits?Ectoplasm
25%
About 12% of something on earth is situated in the Southern Hemisphere? What is it?Population
25%
What is illegal in the USA except as a punishment for a crime for which the party has been convicted?Slavery
25%
What type of star is the sun?Yellow dwarf
25%
What is an octotroph?Hash #
13%
Name the gelatine/collagen derived from the dried swim bladders of fish and used as a food ingredientIsinglass
13%
What would an alnager inspect?Woollen cloth
13%

Score Distribution

Percentile by Number Answered

Percent of People with Each Score

Your Score History

You have not taken this quiz